000 00575nam a2200181Ia 4500
008 240925s9999 xx 000 0 und d
020 _a201544199
082 _a004.6 HAR
100 _aHarrison ,Peter G.; Patel ,Naresh M.
245 0 _aPerformance Modelling of Communication Networks and Computer Architecture
250 _aNA
260 _aWokingham:
_bAddison-Wily Publishing Company
_c,1993.
300 _axiii,472p.
_bNA
_fOriginal
500 _aIncludes Index
600 _aComputer Science
650 _aComputer science, information & general works
942 _cBK
999 _c5658
_d5658